Fire protection handbook
Saved in:
| Other Authors: | , |
|---|---|
| Format: | Book |
| Published: |
Quincy, MA : National Fire Protection Association
1997
|
| Edition: | 18 |
| Subjects: | |
| Tags: |
Add Tag
No Tags, Be the first to tag this record!
|
MARC
| LEADER | 00000nam a2200000Ia 4500 | ||
|---|---|---|---|
| 003 | 000051 | ||
| 005 | 20221231144017.0 | ||
| 008 | 140114s1997 ma a 000 ||e d | ||
| 040 | |c cru CEDI | ||
| 082 | |a 628.92 C843f | ||
| 245 | |a Fire protection handbook | ||
| 250 | |a 18 | ||
| 260 | |a Quincy, MA : National Fire Protection Association |c 1997 | ||
| 300 | |a 1 v. (en varias paginaciones) : ilustraciones | ||
| 650 | |x INCENDIOS |x PREVENCION |x MEDIDAS DE SEGURIDAD |9 18809 | ||
| 700 | |9 18752 |a Cote, Arthur E |d Editor | ||
| 700 | |9 18808 |a Linville, Jim L. |d Editor | ||
| 942 | |2 ddc |c BK | ||
| 999 | |c 15592 |d 15592 | ||
